LEADER 01403nam--2200433---450- 001 990000294210203316 005 20080513180119.0 010 $a2-88394-041-X 010 $a2-88394-042-8 010 $a2-88394-043-6 035 $a0029421 035 $aUSA010029421 035 $a(ALEPH)000029421USA01 035 $a0029421 100 $a20001121d1999----km-y0itay0103----ba 101 0 $aeng 102 $aGB 105 $a||||||||001yy 200 1 $aStructural concrete$etextbook on behaviour, design and performance$eupdated knowledge of the CEB/FIP Model Code 1990 210 $aLausanne$cFédération Internationale du béton$dcopyr. 1999 215 $a3 v. (798 p. compless.)$d29 cm 225 2 $aFib$iBulletins$v1,2,3 410 0$12001$aFib$ibulletins$v1,2,3 606 $aStrutture in cemento armato 676 $a624.18341 801 0$aIT$bsalbc$gISBD 912 $a990000294210203316 951 $a624.18341 STR 1$b15313 ING.$c624$d00007271 951 $a624.18341 STR 2$b15314 ING.$c624$d00007270 951 $a624.18341 STR 3$b15315 ING.$c624$d00007269 959 $aBK 969 $aTEC 979 $aTAMI$b40$c20001121$lUSA01$h1703 979 $aTAMI$b40$c20001121$lUSA01$h1823 979 $c20020403$lUSA01$h1637 979 $aPATRY$b90$c20040406$lUSA01$h1621 979 $aPATRY$b90$c20080513$lUSA01$h1801 996 $aStructural concrete$9881236 997 $aUNISA